MARC

LEADER 00000nam0a2200000 4500
001 252470
005 20231101232744.0
010 |a 5745500336 
020 |a RU  |b 89-29750 
035 |a (RuTPU)RU\TPU\book\274817 
090 |a 252470 
100 |a 20140304d1989 k a0rusy5003 ca 
101 0 |a rus 
102 |a RU 
105 |a a z 001zy 
200 1 |a Экономико-математические модели и методы  |f Воронежский государственный университет ; под ред. С. С. Шаталина 
210 |a Воронеж  |c Изд-во Воронежского гос. ун-та  |d 1989 
215 |a 183 с.  |c ил. 
300 |a Загл. на доп.тит.л.: Oekonomisch-matematische Modelle und Methoden. 
320 |a Библиогр. в конце ст. 
600 1 |a Канторович  |b Л. В.  |c российский экономист-математик  |c нобелевский лауреат  |f 1912-1986  |g Леонид Витальевич  |2 stltpush  |3 (RuTPU)RU\TPU\pers\10568  |9 2245 
606 1 |a Экономико-математические методы и модели  |2 stltpush  |3 (RuTPU)RU\TPU\subj\26568  |9 50466 
610 1 |a экономика 
610 1 |a математические методы 
610 1 |a линейное программирование 
610 1 |a оптимизация 
610 1 |a математическое моделирование 
610 1 |a оптимизационные задачи 
610 1 |a многомерные задачи 
686 |a Ув631  |2 rubbk 
702 1 |a Шаталин  |b С. С.  |g Станислав Сергеевич  |4 340 
712 0 2 |a Воронежский государственный университет  |2 stltpush  |3 (RuTPU)RU\TPU\col\4805  |9 24026 
801 0 |a RU  |b RuMRKP  |c 19950417  |g psbo 
801 1 |a RU  |b 63413507  |c 20140304 
801 2 |a RU  |b 63413507  |c 20220826  |g RCR 
942 |c BK